| 000 | 00000nam##2200000za#4500 |
| 001 | 9.601348 |
| 003 | CaOODSP |
| 005 | 20210624210030 |
| 007 | cr ||||||||||| |
| 008 | 150406|2006||||xxc|||||o f|0| 0 fre|d |
| 022 | |a1919-5117 |
| 040 | |aCaOODSP|bfre |
| 043 | |an-cn--- |
| 086 | 1 |aFs70-6/2006-040F-PDF |
| 110 | 1 |aCanada. |bMinistère des pêches et des océans. |bRégion de Terre-Neuve et du Labrador. |
| 245 | 10|aÉvaluation du stock de morue de la sous-division 3Ps |h[ressource électronique] |
| 246 | 17|aRégion de Terre-Neuve et du Labrador : morue de la sous-division 3Ps |
| 260 | |aSt. John's - Terre-Neuve et Labrador : |bPêches et Océans Canada. |cJanvier 2007 (Révisé en février 2007). |
| 300 | |a18p.|bgraphiques, ill., carte, références, tableau |
| 490 | 1 |aSecrétariat canadien de consultation scientifique, avis scientifique |x1919-5117|v2006/040, Région de Terre-Neuve et du Labrador |
| 590 | |a11-15-Supp|b2011-08-22 |
| 775 | 08|tStock assessment on subdivision 3Ps cod |w(CaOODSP)9.570700 |
| 830 | #0|aAvis scientifique (Secrétariat canadien de consultation scientifique)|x1919-5117|v2006/040, Région de Terre-Neuve et du Labrador|w(CaOODSP)9.502624 |
| 856 | 40|ahttp://publications.gc.ca|qPDF|s334 Ko|uhttps://publications.gc.ca/collections/collection_2011/mpo-dfo/Fs70-6-2006-040-fra.pdf|y2006/040, Région de Terre-Neuve et du Labrador |